000 00488nam a22001937a 4500
003 MPLRDC
005 20220104184816.0
008 210129b ||||| |||| 00| 0 eng d
020 _a988-98619-7-6
082 _a857.623 XY-2
100 _a小鱼
245 _a四C班生的爱情诅咒
_c
250 _a第二版第一刷
260 _a香港
_b知出版有限公司
_c2006
300 _b
490 _a灵域漂流系列
650 _a灵异小说
942 _cBK
_o857.623 XY-2
999 _c63047
_d63037